000 00451pab a2200181 454500
008 180718b2014 xxu||||| |||| 00| 0 eng d
100 _aNguyen, Cuong Viet
245 _aInformal credit, usury, or support? A case study for Vietnam
260 _c2014
300 _ap.154-178.
362 _aJun
650 _aPoverty
650 _aCredit
700 _aBerg, Marrit Van Den
773 _aDeveloping Economies
908 _aN
909 _a104684
999 _c104679
_d104679